[Event "41st Olympiad Women 2014"]
[Site "Tromso NOR"]
[Date "2014.08.02"]
[Round "1.23"]
[White "Amura, Claudia"]
[Black "Kyrkjebo, Hanna B"]
[Result "1-0"]
[WhiteElo "2282"]
[BlackElo "1756"]
[PlyCount "59"]
[EventDate "2014.08.02"]

1. d4 d5 2. c4 c6 3. Nf3 Nf6 4. Nc3 a6 5. Ne5 b5 6. cxd5 cxd5 7. Bf4 e6 8. e3
Nbd7 9. Bd3 Bb7 10. O-O Be7 11. a4 b4 12. Nxd7 Qxd7 13. Ne2 O-O 14. Ng3 Bd6 15.
Be5 Ne4 16. Nh5 f6 17. Bxd6 Nxd6 18. a5 Bc6 19. Qc2 f5 20. Rfc1 Rfc8 21. Qc5
Rab8 22. Bxa6 Bb7 23. Qb6 Nc4 24. Bxc4 Bc6 25. Ba6 Rxb6 26. Bxc8 Qxc8 27. axb6
Qb8 28. Rxc6 Qe8 29. b7 Qb8 30. Rc8+ 1-0

[Event "41st Olympiad Women 2014"]
[Site "Tromso NOR"]
[Date "2014.08.02"]
[Round "1.23"]
[White "Kyrkjebo, Marte B"]
[Black "Fernandez, Maria Florencia"]
[Result "0-1"]
[WhiteElo "1732"]
[BlackElo "2218"]
[PlyCount "118"]
[EventDate "2014.08.02"]

1. e4 c5 2. Nc3 Nc6 3. Bb5 Nd4 4. Bc4 g6 5. Nf3 Bg7 6. Nxd4 cxd4 7. Qf3 Nh6 8.
Ne2 O-O 9. O-O Ng4 10. Bb3 Ne5 11. Qg3 Nc6 12. d3 Na5 13. Ba4 a6 14. Bd2 b5 15.
Bxa5 Qxa5 16. Bb3 Bb7 17. f4 Qb6 18. f5 Bxe4 19. dxe4 d3+ 20. Qf2 Qxf2+ 21.
Rxf2 dxe2 22. Rxe2 Bxb2 23. Rd1 d6 24. c4 Be5 25. cxb5 axb5 26. Rc2 Rac8 27.
Rdc1 Bd4+ 28. Kf1 Rc5 29. g4 Rfc8 30. Ke2 Bb2 31. Rxc5 dxc5 32. Rd1 c4 33. Bc2
Ra8 34. Bb1 Ra3 35. Kf2 b4 36. Rd2 Be5 37. Kg2 Kg7 38. Rc2 b3 39. axb3 cxb3 40.
Rc1 Ra2+ 41. Kf3 Rxh2 42. Rg1 g5 43. Ke3 Rh3+ 44. Ke2 Bf4 45. Kd1 Rh2 46. Ke1
Rb2 47. Bd3 Ra2 48. Bb1 Rc2 49. Kf1 Kf6 50. Rh1 Rc1+ 51. Kg2 Rxh1 52. Kxh1 Ke5
53. Kg2 Kd4 54. Kf2 Kc3 55. Ke2 Kb2 56. Bd3 Kc1 57. Ke1 b2 58. Ke2 b1=Q 59.
Bxb1 Kxb1 0-1

[Event "41st Olympiad Women 2014"]
[Site "Tromso NOR"]
[Date "2014.08.02"]
[Round "1.23"]
[White "Zuriel, Marisa"]
[Black "Rodsmoen, Maud"]
[Result "1-0"]
[WhiteElo "2235"]
[BlackElo "1805"]
[PlyCount "127"]
[EventDate "2014.08.02"]

1. e4 e5 2. Nf3 Nc6 3. Bc4 Nf6 4. d3 Bc5 5. c3 O-O 6. Bb3 d5 7. Qe2 dxe4 8.
dxe4 h6 9. O-O Bg4 10. h3 Bh5 11. Nbd2 Qe7 12. Re1 Rad8 13. Bc2 a6 14. Nf1 Bg6
15. g4 Rfe8 16. Ng3 Qd7 17. Nh4 Bh7 18. Qf3 Be7 19. Nhf5 Na5 20. b3 b5 21. g5
hxg5 22. Bxg5 b4 23. Rad1 Qe6 24. Nxe7+ Qxe7 25. Nh5 Rxd1 26. Rxd1 bxc3 27.
Bxf6 gxf6 28. Rd7 Qa3 29. Qxf6 Qf8 30. Qxa6 Ra8 31. Qf6 Bg6 32. Qxe5 Bxh5 33.
Qxh5 Qg7+ 34. Qg4 Qxg4+ 35. hxg4 Nc6 36. Rd3 Rxa2 37. Rxc3 Nb4 38. Bd3 Nxd3 39.
Rxd3 Re2 40. Rd4 Rb2 41. b4 Rc2 42. Kg2 Kf8 43. Kg3 Ke7 44. f3 Ke6 45. Kf4 Rh2
46. Rc4 Kd6 47. e5+ Kd7 48. Kf5 Rh6 49. f4 Rg6 50. Rc5 Rb6 51. b5 Rg6 52. Rc6
Rg8 53. Rf6 Ke7 54. e6 fxe6+ 55. Rxe6+ Kd7 56. Re5 Rf8+ 57. Ke4 Rg8 58. g5 Rf8
59. f5 Rg8 60. f6 Ra8 61. f7 Ra4+ 62. Kf5 Ra1 63. Kg6 Rf1 64. Re8 1-0

[Event "41st Olympiad Women 2014"]
[Site "Tromso NOR"]
[Date "2014.08.02"]
[Round "1.23"]
[White "Jacobsen, Elise Sjottem"]
[Black "Martinez, Ayelen"]
[Result "0-1"]
[WhiteElo "1697"]
[BlackElo "2121"]
[PlyCount "36"]
[EventDate "2014.08.02"]

1. e4 c5 2. Nc3 a6 3. Nge2 d6 4. g3 e5 5. Bg2 g6 6. O-O Bg7 7. d3 Ne7 8. f4
Nbc6 9. f5 gxf5 10. exf5 Nxf5 11. Be4 Nce7 12. Nd5 Nxd5 13. Bxd5 O-O 14. Bxb7
Bxb7 15. Rxf5 Qc8 16. Qf1 Qc6 17. Rh5 Qh1+ 18. Kf2 Qf3+ 0-1

[Event "41st Olympiad Women 2014"]
[Site "Tromso NOR"]
[Date "2014.08.04"]
[Round "3.8"]
[White "Paehtz, Elisabeth"]
[Black "Lujan, Carolina"]
[Result "1-0"]
[WhiteElo "2464"]
[BlackElo "2367"]
[PlyCount "95"]
[EventDate "2014.08.02"]

1. Nf3 d6 2. d4 f5 3. c4 Nf6 4. Nc3 g6 5. g3 Bg7 6. Bg2 O-O 7. O-O Qe8 8. Re1
Qf7 9. e4 Nxe4 10. Nxe4 fxe4 11. Rxe4 Qxc4 12. Rxe7 Bg4 13. Ne5 Bxd1 14. Nxc4
Nc6 15. Rxc7 Nxd4 16. Bxb7 Nf3+ 17. Kh1 Rad8 18. Bd5+ Kh8 19. Be3 Be2 20. Kg2
Rf5 21. Be4 Rff8 22. Nd2 Nxd2 23. Bxd2 d5 24. Re1 Bg4 25. Bd3 Bf3+ 26. Kg1 Rfe8
27. Re3 Rxe3 28. Bxe3 Bxb2 29. Rxa7 Kg8 30. Kf1 Bf6 31. Ra6 Kf7 32. Be2 Be4 33.
f3 Bb1 34. a4 Ba2 35. Bd3 Rc8 36. Ke2 Re8 37. Ra7+ Kg8 38. Kd2 Rb8 39. Bb5 Bc4
40. Bf4 Rd8 41. Rb7 Bd4 42. Bxc4 dxc4 43. Rb8 Rf8 44. Bd6 Rxb8 45. Bxb8 Bg1 46.
h3 Bb6 47. Kc3 Kf7 48. Kxc4 1-0

[Event "41st Olympiad Women 2014"]
[Site "Tromso NOR"]
[Date "2014.08.04"]
[Round "3.8"]
[White "Amura, Claudia"]
[Black "Schleining, Zoya"]
[Result "1-0"]
[WhiteElo "2282"]
[BlackElo "2369"]
[PlyCount "89"]
[EventDate "2014.08.02"]

1. d4 Nf6 2. c4 g6 3. Nc3 d5 4. Nf3 Bg7 5. Bg5 Ne4 6. Bf4 Nxc3 7. bxc3 c5 8.
cxd5 Qxd5 9. e3 Nc6 10. Be2 cxd4 11. cxd4 Qa5+ 12. Qd2 Qxd2+ 13. Kxd2 O-O 14.
Rhb1 b6 15. Rb2 Bb7 16. Rc1 Rac8 17. Rbc2 Rfd8 18. Bb5 Nb4 19. Rxc8 Rxc8 20.
Rxc8+ Bxc8 21. a3 Nd5 22. Bb8 a6 23. Bc6 e6 24. Ne5 Bf8 25. Nc4 b5 26. Nd6 Bxd6
27. Bxd6 f6 28. e4 Nb6 29. Kc3 Nc4 30. Bb4 a5 31. Bc5 Ba6 32. f4 g5 33. g3 gxf4
34. gxf4 Kf7 35. d5 exd5 36. exd5 Nxa3 37. Bxa3 b4+ 38. Bxb4 axb4+ 39. Kxb4 Bc8
40. Kc5 Kg6 41. Kd6 Kh5 42. Bd7 Bb7 43. Bf5 Kh4 44. Bxh7 Kg4 45. f5 1-0

[Event "41st Olympiad Women 2014"]
[Site "Tromso NOR"]
[Date "2014.08.04"]
[Round "3.8"]
[White "Ohme, Melanie"]
[Black "Fernandez, Maria Florencia"]
[Result "1-0"]
[WhiteElo "2301"]
[BlackElo "2218"]
[PlyCount "105"]
[EventDate "2014.08.02"]

1. e4 e6 2. d4 d5 3. Nc3 Nf6 4. e5 Nfd7 5. f4 c5 6. Nf3 Nc6 7. Be3 Qb6 8. Na4
Qa5+ 9. c3 b6 10. Bd2 c4 11. b4 Nxb4 12. cxb4 Bxb4 13. Qc2 Bxd2+ 14. Nxd2 b5
15. Nc3 b4 16. Qa4 Qb6 17. Nb5 O-O 18. Nf3 Nb8 19. Nd6 Bd7 20. Qd1 Nc6 21. Be2
a5 22. O-O a4 23. a3 b3 24. Qd2 Qa5 25. Qe3 Rab8 26. Rab1 h6 27. g4 c3 28. f5
c2 29. Rb2 f6 30. fxe6 Bxe6 31. exf6 Rxf6 32. g5 hxg5 33. Nxg5 Nxd4 34. Rxf6
Qe1+ 35. Rf1 Nxe2+ 36. Kg2 Qxf1+ 37. Kxf1 c1=Q+ 38. Qxc1 Nxc1 39. Nxe6 Nd3 40.
Rg2 Rf8+ 41. Nxf8 Kxf8 42. Re2 g5 43. Re8+ Kg7 44. Rb8 Nb2 45. Ke2 Kf6 46. Rb4
Ke5 47. Nb5 g4 48. Nc3 Nc4 49. Nxa4 Nxa3 50. Rxb3 Nc4 51. Nb2 Nd6 52. Nd3+ Kf5
53. Nf2 1-0

[Event "41st Olympiad Women 2014"]
[Site "Tromso NOR"]
[Date "2014.08.04"]
[Round "3.8"]
[White "Zuriel, Marisa"]
[Black "Hoolt, Sarah"]
[Result "0-1"]
[WhiteElo "2235"]
[BlackElo "2318"]
[PlyCount "90"]
[EventDate "2014.08.02"]

1. e4 c5 2. Nf3 e6 3. d4 cxd4 4. Nxd4 Nc6 5. Nc3 Qc7 6. g3 a6 7. Bg2 h5 8. h4
Nf6 9. O-O Ng4 10. Nde2 Bc5 11. Na4 Ba7 12. c4 b5 13. cxb5 axb5 14. Nac3 Qb6
15. Qe1 Nce5 16. Nf4 b4 17. Nce2 Ba6 18. Bd2 Rc8 19. Rc1 O-O 20. b3 Rxc1 21.
Bxc1 Rc8 22. Bb2 Qd6 23. Qa1 Rc2 24. Rd1 Bxf2+ 25. Kh1 Qc5 26. Nd4 Bxg3 27. Nh3
Nd3 28. Rxd3 Bxd3 29. Nxc2 Qxc2 30. Qc1 Bxe4 31. Qxc2 Bxc2 32. Bc1 d5 33. Bd2
Bd6 34. Nf4 Bb1 35. Bf3 Nf2+ 36. Kg2 Ne4 37. Bc1 g6 38. Bd1 Nc3 39. Bf3 Bxa2
40. Nd3 Bxb3 41. Bb2 e5 42. Nc1 Bc4 43. Kg1 e4 44. Bg2 Bf4 45. Bf1 Nd1 0-1

[Event "41st Olympiad Women 2014"]
[Site "Tromso NOR"]
[Date "2014.08.05"]
[Round "4.19"]
[White "Lujan, Carolina"]
[Black "Baciu, Diana"]
[Result "1-0"]
[WhiteElo "2367"]
[BlackElo "2294"]
[PlyCount "87"]
[EventDate "2014.08.02"]

1. e4 e6 2. Qe2 c5 3. Nf3 Nc6 4. g3 g6 5. Bg2 Bg7 6. O-O d6 7. c3 Nge7 8. Rd1
e5 9. d3 O-O 10. a3 h6 11. b4 Be6 12. Bb2 Qb6 13. Nbd2 a5 14. Rdb1 Qa6 15. bxc5
dxc5 16. a4 Rfd8 17. Nc4 b6 18. Nfd2 Ra7 19. Ba3 Nc8 20. Bf1 Rad7 21. Rb2 f5
22. Rab1 Nb4 23. cxb4 axb4 24. Bxb4 cxb4 25. Rxb4 fxe4 26. Nxe4 Bxc4 27. Rxc4
Ne7 28. Qg4 Kh7 29. Qe6 Nd5 30. Nc5 Rd6 31. Qxd6 Qa8 32. Qe6 bxc5 33. Bg2 Nc7
34. Qf7 Qa5 35. Be4 Rd6 36. Rb8 h5 37. Rg8 Qe1+ 38. Kg2 Ne8 39. Qxe8 Rf6 40.
Rc2 h4 41. Rxg7+ Kxg7 42. Qe7+ Rf7 43. Qxe5+ Kg8 44. Qe6 1-0

[Event "41st Olympiad Women 2014"]
[Site "Tromso NOR"]
[Date "2014.08.05"]
[Round "4.19"]
[White "Petrenko, Svetlana"]
[Black "Amura, Claudia"]
[Result "1-0"]
[WhiteElo "2205"]
[BlackElo "2282"]
[PlyCount "92"]
[EventDate "2014.08.02"]

1. e4 c5 2. Nf3 Nc6 3. d4 cxd4 4. Nxd4 Nf6 5. Nc3 e5 6. Ndb5 d6 7. Bg5 a6 8.
Na3 b5 9. Nd5 Be7 10. Bxf6 Bxf6 11. c4 Bg5 12. cxb5 Nd4 13. b6 O-O 14. Bc4 Bb7
15. O-O Rb8 16. f4 Bh6 17. fxe5 dxe5 18. Qh5 Qg5 19. Qxg5 Bxg5 20. Rae1 Bd2 21.
Rd1 Bg5 22. Kh1 Kh8 23. Nc7 Bxe4 24. Bxf7 Bf6 25. Bd5 Bg6 26. Nc4 e4 27. Nxa6
Rbd8 28. Nc7 Nc2 29. Ne6 e3 30. Nxf8 e2 31. Nxg6+ hxg6 32. Bf3 exf1=Q+ 33. Rxf1
Bd4 34. Rd1 Rc8 35. b3 Re8 36. g3 Bc5 37. Bc6 Rf8 38. Be4 Nb4 39. a3 Na2 40.
Bxg6 Nc3 41. Re1 Nd5 42. b7 Nf6 43. b4 Bf2 44. Rf1 Ba7 45. Ne5 Rb8 46. Rc1 Nh7
1-0

[Event "41st Olympiad Women 2014"]
[Site "Tromso NOR"]
[Date "2014.08.05"]
[Round "4.19"]
[White "Fernandez, Maria Florencia"]
[Black "Hincu, Olga"]
[Result "1-0"]
[WhiteElo "2218"]
[BlackElo "2027"]
[PlyCount "58"]
[EventDate "2014.08.02"]

1. d4 d5 2. c4 e6 3. Nc3 Nf6 4. Nf3 c6 5. e3 Nbd7 6. Qc2 Bd6 7. g4 h6 8. h3 b6
9. Rg1 Bb7 10. g5 hxg5 11. Rxg5 Kf8 12. Bd2 a6 13. O-O-O c5 14. Ne5 Qe7 15. f4
cxd4 16. exd4 dxc4 17. Bxc4 b5 18. Rdg1 Rg8 19. Bd3 b4 20. Bh7 bxc3 21. Bxc3
Nxh7 22. Qxh7 Nf6 23. Rxg7 Rxg7 24. Qxg7+ Ke8 25. Qh8+ Qf8 26. Qxf6 Be7 27. Qg7
Qxg7 28. Rxg7 Bf6 29. Rg8+ Ke7 1-0

[Event "41st Olympiad Women 2014"]
[Site "Tromso NOR"]
[Date "2014.08.05"]
[Round "4.19"]
[White "Gitu, Paula-Alexandra"]
[Black "Zuriel, Marisa"]
[Result "0-1"]
[WhiteElo "1815"]
[BlackElo "2235"]
[PlyCount "104"]
[EventDate "2014.08.02"]

1. e4 c5 2. Nf3 d6 3. Bb5+ Bd7 4. Bxd7+ Qxd7 5. c4 Nc6 6. Nc3 Nf6 7. d4 cxd4 8.
Nxd4 g6 9. f3 Bg7 10. Be3 O-O 11. O-O Rfc8 12. b3 Qd8 13. Rc1 Qa5 14. Qd2 Nd7
15. Nde2 Rab8 16. a4 a6 17. Rb1 Qd8 18. Rfd1 Qf8 19. f4 Nf6 20. h3 Nb4 21. Nd5
Nbxd5 22. exd5 b5 23. axb5 axb5 24. Qd3 Nd7 25. cxb5 Nc5 26. Bxc5 Rxc5 27. Rdc1
Rcxb5 28. Rc6 Rb4 29. Rc4 R4b5 30. Rc6 Qd8 31. Ra6 Qc8 32. Rc6 Qb7 33. Nc1 Rb4
34. Ne2 Bf6 35. g4 h6 36. Kf2 Rxb3 37. Rxb3 Qxb3 38. Qxb3 Rxb3 39. Kg2 Rd3 40.
Ng3 Rxd5 41. Ne4 Kg7 42. Ra6 Rd4 43. Kf3 Rd3+ 44. Kg2 Re3 45. Ra4 Rb3 46. Ra2
Bh4 47. Re2 d5 48. Nc5 Rg3+ 49. Kh2 Rc3 50. Nd7 Bg3+ 51. Kg2 Bxf4 52. Rxe7 Rc7
0-1

[Event "41st Olympiad Women 2014"]
[Site "Tromso NOR"]
[Date "2014.08.06"]
[Round "5.14"]
[White "Lujan, Carolina"]
[Black "Botsari, Anna-Maria"]
[Result "0-1"]
[WhiteElo "2367"]
[BlackElo "2299"]
[PlyCount "102"]
[EventDate "2014.08.02"]

1. e4 c5 2. Nf3 e6 3. d4 cxd4 4. Nxd4 Nc6 5. Nc3 Qc7 6. g3 a6 7. Bg2 d6 8. O-O
Bd7 9. Re1 Nxd4 10. Qxd4 Ne7 11. Bg5 Nc6 12. Qd2 h6 13. Be3 Ne5 14. Bd4 Be7 15.
f4 Nc4 16. Qe2 O-O 17. b3 Na3 18. f5 Bf6 19. Bxf6 gxf6 20. Qd2 Rac8 21. Ne2
Nxc2 22. Qxh6 Qc5+ 23. Kh1 Nxe1 24. Nf4 Nd3 25. Nxd3 Qd4 26. Rd1 exf5 27. exf5
Bxf5 28. Qf4 Qxf4 29. Nxf4 Bg4 30. Rf1 Rc2 31. Nd5 Be2 32. Re1 Kg7 33. Nf4 Re8
34. Kg1 Bb5 35. Rd1 Bc6 36. Nh5+ Kf8 37. Bxc6 bxc6 38. Nxf6 Ree2 39. Ng4 Rxa2
40. h4 Rg2+ 41. Kh1 Rxg3 42. Nh6 Rxb3 43. Nf5 d5 44. Nd4 Rh3+ 45. Kg1 Rha3 46.
Nxc6 Ra1 47. Rxa1 Rxa1+ 48. Kf2 Ra4 49. Kg3 Re4 50. Nb8 a5 51. Nd7+ Kg7 0-1

[Event "41st Olympiad Women 2014"]
[Site "Tromso NOR"]
[Date "2014.08.06"]
[Round "5.14"]
[White "Tsolakidou, Stavroula"]
[Black "Amura, Claudia"]
[Result "0-1"]
[WhiteElo "2240"]
[BlackElo "2282"]
[PlyCount "148"]
[EventDate "2014.08.02"]

1. e4 c5 2. Nf3 Nc6 3. Bb5 Nf6 4. Bxc6 dxc6 5. d3 g6 6. h3 Qc7 7. Be3 b6 8. Nc3
e5 9. O-O Bg7 10. Qd2 O-O 11. Nh2 Nh5 12. Ne2 f5 13. exf5 gxf5 14. f4 Be6 15.
fxe5 Bxe5 16. Nf3 Bxb2 17. Bh6 Bxa1 18. Rxa1 f4 19. Bxf8 Rxf8 20. Nc3 Qg7 21.
Re1 Bxh3 22. Re5 Bf5 23. Qe1 Ng3 24. Re7 Qf6 25. Qe5 c4 26. dxc4 Bxc2 27. Rxa7
Qxe5 28. Nxe5 Re8 29. Nf3 Re3 30. Na4 Bxa4 31. Rxa4 c5 32. Ra8+ Kg7 33. Ra7+
Kg6 34. Ra6 Re6 35. a4 Kf5 36. a5 Rd6 37. Kf2 Rd1 38. Nh2 Ne4+ 39. Ke2 Rd2+ 40.
Kf1 bxa5 41. Rxa5 Rf2+ 42. Kg1 Rc2 43. Kf1 Rxc4 44. Ra7 Rc1+ 45. Ke2 Rc2+ 46.
Kf1 h5 47. Rf7+ Nf6 48. Nf3 Ra2 49. Rc7 Ra5 50. Rf7 Ra6 51. Rc7 Ne4 52. Rf7+
Rf6 53. Re7 Ng3+ 54. Kf2 Ra6 55. Rf7+ Ke4 56. Ng5+ Ke5 57. Nf3+ Kd5 58. Rxf4
Ne4+ 59. Ke3 Ra3+ 60. Ke2 c4 61. Rh4 Ra2+ 62. Ke3 Ng3 63. Rh3 Rxg2 64. Nh4 Nf1+
65. Kf3 Ra2 66. Rh1 Rh2 67. Rxh2 Nxh2+ 68. Ke3 Ng4+ 69. Kd2 Ke4 70. Ng2 Ne5 71.
Ke2 Ng6 72. Kd2 h4 73. Ne1 h3 74. Ke2 h2 0-1

[Event "41st Olympiad Women 2014"]
[Site "Tromso NOR"]
[Date "2014.08.06"]
[Round "5.14"]
[White "Fernandez, Maria Florencia"]
[Black "Makropoulou, Marina"]
[Result "0-1"]
[WhiteElo "2218"]
[BlackElo "2218"]
[PlyCount "52"]
[EventDate "2014.08.02"]

1. d4 e6 2. c4 Bb4+ 3. Nc3 b6 4. e4 Bb7 5. Bd3 f5 6. d5 fxe4 7. Bxe4 Nf6 8. Bg5
O-O 9. Nge2 exd5 10. Bxd5+ Bxd5 11. Bxf6 Qxf6 12. Qxd5+ Kh8 13. Qxa8 Nc6 14.
Qb7 Qxf2+ 15. Kd1 Qxg2 16. Re1 Qxh2 17. a3 Qd6+ 18. Kc1 Bxc3 19. Nxc3 h6 20.
Nd5 Qg3 21. Kd2 Qf2+ 22. Kd3 Qd4+ 23. Kc2 Rf2+ 24. Kb3 Na5+ 25. Ka4 Nxb7 26.
Ne3 Nc5+ 0-1

[Event "41st Olympiad Women 2014"]
[Site "Tromso NOR"]
[Date "2014.08.06"]
[Round "5.14"]
[White "Markantonaki, Haritomeni"]
[Black "Martinez, Ayelen"]
[Result "1-0"]
[WhiteElo "2180"]
[BlackElo "2121"]
[PlyCount "113"]
[EventDate "2014.08.02"]

1. e4 c5 2. Nf3 d6 3. d4 cxd4 4. Nxd4 Nf6 5. Nc3 a6 6. Be2 e5 7. Nb3 Be7 8. Be3
Be6 9. Nd5 Bxd5 10. exd5 Nbd7 11. O-O Rc8 12. c4 O-O 13. Qd2 Qc7 14. Rac1 b6
15. Na1 Ne4 16. Qc2 f5 17. Bd3 Ndc5 18. b4 Nxd3 19. Qxd3 Bg5 20. Nb3 f4 21.
Qxe4 fxe3 22. fxe3 Rxf1+ 23. Rxf1 Qxc4 24. Qf3 Qc7 25. Nd2 h6 26. Ne4 Qe7 27.
g3 Rf8 28. Qxf8+ Qxf8 29. Rxf8+ Kxf8 30. Nxd6 Bxe3+ 31. Kg2 b5 32. Ne4 Kf7 33.
Kf3 Bg1 34. h3 Kg6 35. Nc5 a5 36. Nd7 axb4 37. Nxe5+ Kf5 38. Nd3 Bb6 39. g4+
Kg5 40. Nxb4 Bc5 41. Nc6 Kf6 42. Ke4 g6 43. Nd4 b4 44. Nf3 Bd6 45. Kd4 h5 46.
Kc4 Ke7 47. Kb5 Kd7 48. Nd4 Be5 49. Nc6 Bc3 50. Nxb4 Kd6 51. Kc4 Bd2 52. a4 Be3
53. a5 Kc7 54. Nc6 Kb7 55. Kb5 Bf2 56. a6+ Ka8 57. d6 1-0

[Event "41st Olympiad Women 2014"]
[Site "Tromso NOR"]
[Date "2014.08.08"]
[Round "6.21"]
[White "Mwango, Lorita"]
[Black "Lujan, Carolina"]
[Result "0-1"]
[WhiteElo "1874"]
[BlackElo "2367"]
[PlyCount "108"]
[EventDate "2014.08.02"]

1. d4 f5 2. Nc3 Nf6 3. Nf3 e6 4. a3 Be7 5. e3 d5 6. Be2 O-O 7. g3 b6 8. h3 Ne4
9. Nxe4 fxe4 10. Ng1 Bd6 11. c4 c6 12. Qc2 Qc7 13. f4 exf3 14. Nxf3 Bxg3+ 15.
Kd1 Nd7 16. cxd5 exd5 17. Bd2 Nf6 18. Bb4 Re8 19. Bd2 Ne4 20. Kc1 Nxd2 21. Nxd2
Rxe3 22. Nf1 Re7 23. Kb1 Bf4 24. Ka2 Bd7 25. Bd3 h6 26. Nd2 Bxd2 27. Qxd2 Rf8
28. Rag1 Qf4 29. Qd1 Re3 30. h4 Qf3 31. Bc2 Qxd1 32. Rxd1 Rf2 33. Bg6 Ree2 34.
Rb1 Bf5 35. Bxf5 Rxf5 36. Rbc1 Rff2 37. Rb1 Re4 38. Rbc1 Rf6 39. Rcd1 Rff4 40.
Rc1 Rxh4 41. Rhf1 Re6 42. Rce1 Rxe1 43. Rxe1 Rxd4 44. Re7 a5 45. Rb7 b5 46. Rb6
Rc4 47. b3 Rc2+ 48. Kb1 Rc3 49. Kb2 d4 50. b4 axb4 51. axb4 h5 52. Ra6 h4 53.
Ra1 h3 54. Rd1 h2 0-1

[Event "41st Olympiad Women 2014"]
[Site "Tromso NOR"]
[Date "2014.08.08"]
[Round "6.21"]
[White "Amura, Claudia"]
[Black "Mbatha, Constance"]
[Result "1-0"]
[WhiteElo "2282"]
[BlackElo "1677"]
[PlyCount "63"]
[EventDate "2014.08.02"]

1. d4 e6 2. c4 d5 3. Nc3 Nf6 4. cxd5 exd5 5. Bg5 Be7 6. e3 O-O 7. Bd3 h6 8. Bh4
Be6 9. Nge2 Nbd7 10. Rc1 Rc8 11. O-O c5 12. Bb1 g6 13. Nf4 Qe8 14. Bxf6 Nxf6
15. Bxg6 fxg6 16. Nxe6 Rf7 17. Nf4 Qd7 18. dxc5 Rxc5 19. Nd3 d4 20. Nxc5 Bxc5
21. Ne2 d3 22. Rxc5 dxe2 23. Qxe2 b6 24. Rc2 Qf5 25. Rfc1 Ne4 26. Rc8+ Kg7 27.
R8c7 Nc5 28. Rxf7+ Qxf7 29. b4 Ne4 30. Qb2+ Kh7 31. Rc8 Nf6 32. Qe5 1-0

[Event "41st Olympiad Women 2014"]
[Site "Tromso NOR"]
[Date "2014.08.08"]
[Round "6.21"]
[White "Martinez, Ayelen"]
[Black "Saina, Yvonne"]
[Result "1-0"]
[WhiteElo "2121"]
[BlackElo "1752"]
[PlyCount "41"]
[EventDate "2014.08.02"]

1. e4 c5 2. Nf3 d6 3. d4 cxd4 4. Nxd4 Nf6 5. Nc3 a6 6. Be3 b5 7. f3 Bb7 8. Qd2
Nbd7 9. g4 h6 10. a4 Qa5 11. Nb3 Qb4 12. axb5 axb5 13. Rxa8+ Bxa8 14. Nxb5
Qxd2+ 15. Kxd2 Kd8 16. Be2 d5 17. Ra1 Bc6 18. N5d4 Bb7 19. Ra7 Bc8 20. Nc6+ Ke8
21. Ra8 1-0

[Event "41st Olympiad Women 2014"]
[Site "Tromso NOR"]
[Date "2014.08.09"]
[Round "7.17"]
[White "Narva, Mai"]
[Black "Lujan, Carolina"]
[Result "0-1"]
[WhiteElo "2205"]
[BlackElo "2367"]
[PlyCount "76"]
[EventDate "2014.08.02"]

1. e4 d6 2. d4 Nf6 3. Nc3 g6 4. f4 Bg7 5. Nf3 c5 6. d5 O-O 7. Be2 e6 8. dxe6
Bxe6 9. O-O Nc6 10. Ng5 Nd4 11. Bd3 Bg4 12. Qe1 h6 13. Qg3 Qc8 14. h3 c4 15.
hxg4 cxd3 16. Qxd3 Nxg4 17. Nh3 Qc5 18. Nf2 Nxc2 19. Qxc2 Bd4 20. g3 Qh5 21.
Kg2 Qh2+ 22. Kf3 f5 23. Ncd1 fxe4+ 24. Qxe4 Ne5+ 25. Ke2 Rae8 26. Qd5+ Rf7 27.
Kd2 Nc6 28. Qf3 Ne5 29. Qe2 Qg2 30. fxe5 Rxe5 31. Qc4 Rd5 32. Kc2 Rc5 33. Qxc5
Bxc5 34. Be3 Qxf1 35. Bxc5 dxc5 36. Nd3 c4 37. Nc1 Rd7 38. Nc3 Qf5+ 0-1

[Event "41st Olympiad Women 2014"]
[Site "Tromso NOR"]
[Date "2014.08.09"]
[Round "7.17"]
[White "Amura, Claudia"]
[Black "Narva, Triin"]
[Result "1-0"]
[WhiteElo "2282"]
[BlackElo "2068"]
[PlyCount "65"]
[EventDate "2014.08.02"]

1. d4 d6 2. c4 g6 3. Nc3 Bg7 4. Nf3 Nf6 5. Bg5 O-O 6. e3 Nbd7 7. Be2 c6 8. O-O
e5 9. dxe5 dxe5 10. Qc2 Qc7 11. Nd2 h6 12. Bh4 Re8 13. b4 b6 14. Rad1 Bf8 15.
a3 a5 16. Qb3 axb4 17. axb4 Kg7 18. Bf3 Bb7 19. h3 g5 20. Bg3 Rad8 21. Ra1 Qd6
22. Ra7 Ba8 23. Rb1 Qe6 24. Qa2 h5 25. b5 Nc5 26. Nde4 Nfxe4 27. Nxe4 Kh6 28.
bxc6 g4 29. Nxc5 Bxc5 30. Bd5 Qf5 31. e4 Qg5 32. h4 Qf6 33. Rxf7 1-0

[Event "41st Olympiad Women 2014"]
[Site "Tromso NOR"]
[Date "2014.08.09"]
[Round "7.17"]
[White "Fomina, Tatyana"]
[Black "Fernandez, Maria Florencia"]
[Result "0-1"]
[WhiteElo "2216"]
[BlackElo "2218"]
[PlyCount "100"]
[EventDate "2014.08.02"]

1. e4 e6 2. Nf3 d5 3. Nc3 Nf6 4. e5 Nfd7 5. d4 c5 6. Bb5 Nc6 7. Be3 cxd4 8.
Bxd4 Nxd4 9. Qxd4 a6 10. Bxd7+ Bxd7 11. O-O Be7 12. Qg4 O-O 13. Rfe1 Rc8 14.
Rad1 b5 15. Nd4 Rc4 16. Rd3 f5 17. Qd1 Qb6 18. Nce2 Rfc8 19. c3 b4 20. Rh3 bxc3
21. bxc3 Bg5 22. Rh5 h6 23. Rh3 Qb2 24. f4 Bd8 25. Nxf5 Ba4 26. Nxh6+ gxh6 27.
Qd3 Qc2 28. Qe3 Re4 29. Qf2 Kh7 30. Re3 Bb6 31. Nd4 Bxd4 32. cxd4 Qxf2+ 33.
Kxf2 Rxf4+ 34. Rf3 Rc2+ 35. Kg3 Rxf3+ 36. gxf3 Rxa2 37. Rb1 Bb5 38. Rc1 Rd2 39.
Rc7+ Kg6 40. Re7 Rxd4 41. Rxe6+ Kf5 42. Rxh6 Kxe5 43. Rh5+ Kf6 44. h4 a5 45.
Rh6+ Kg7 46. Rb6 Bd3 47. h5 a4 48. f4 a3 49. Rb7+ Kh6 50. Ra7 Bc2 0-1

[Event "41st Olympiad Women 2014"]
[Site "Tromso NOR"]
[Date "2014.08.09"]
[Round "7.17"]
[White "Zuriel, Marisa"]
[Black "Narva, Regina"]
[Result "1-0"]
[WhiteElo "2235"]
[BlackElo "1999"]
[PlyCount "57"]
[EventDate "2014.08.02"]

1. e4 c5 2. Nf3 d6 3. d4 Nf6 4. Nc3 cxd4 5. Nxd4 g6 6. Be2 Bg7 7. O-O O-O 8.
Bg5 Nc6 9. Nb3 Be6 10. f4 Qb6+ 11. Kh1 Rac8 12. f5 Bxb3 13. axb3 Nb4 14. Bc4 a6
15. Qd2 Qc6 16. Bxf6 Bxf6 17. fxg6 hxg6 18. Rxf6 exf6 19. Qh6 d5 20. Nxd5 Nxd5
21. Bxd5 Qxc2 22. Qxg6+ Kh8 23. Qxf6+ Kh7 24. Qh4+ Kg7 25. Qg5+ Kh7 26. Rf1 Qe2
27. Qf5+ Kh8 28. e5 Kg7 29. Be4 1-0

[Event "41st Olympiad Women 2014"]
[Site "Tromso NOR"]
[Date "2014.08.10"]
[Round "8.12"]
[White "Lujan, Carolina"]
[Black "Krivec, Jana"]
[Result "1/2-1/2"]
[WhiteElo "2367"]
[BlackElo "2259"]
[PlyCount "77"]
[EventDate "2014.08.02"]

1. e4 e5 2. Nf3 Nc6 3. Bb5 a6 4. Ba4 d6 5. c3 Bd7 6. O-O g6 7. d4 Bg7 8. h3 Nf6
9. Re1 O-O 10. Nbd2 Re8 11. d5 Ne7 12. Bb3 Nh5 13. Nf1 h6 14. N1h2 Qc8 15. Nh4
Nf4 16. Bxf4 exf4 17. N4f3 g5 18. e5 dxe5 19. Nxe5 Nf5 20. Nxd7 Rxe1+ 21. Qxe1
Qxd7 22. Qd1 Re8 23. Qg4 Re7 24. Bc2 Nd6 25. Qxd7 Rxd7 26. Re1 Kf8 27. Bb3 Re7
28. Nf3 Ne4 29. Kf1 Nc5 30. Bc2 Rxe1+ 31. Nxe1 Ke7 32. b4 Nd7 33. c4 Bc3 34.
Nd3 Ne5 35. Nxe5 Bxe5 36. Be4 b6 37. Ke2 Bc3 38. a3 Bb2 39. a4 1/2-1/2

[Event "41st Olympiad Women 2014"]
[Site "Tromso NOR"]
[Date "2014.08.10"]
[Round "8.12"]
[White "Kolaric, Spela"]
[Black "Amura, Claudia"]
[Result "1/2-1/2"]
[WhiteElo "2043"]
[BlackElo "2282"]
[PlyCount "59"]
[EventDate "2014.08.02"]

1. d4 d5 2. c4 e6 3. Nf3 Nf6 4. g3 c5 5. cxd5 exd5 6. Bg2 Nc6 7. O-O Be7 8. Nc3
O-O 9. dxc5 Bxc5 10. Na4 Be7 11. Be3 Ne4 12. Rc1 Qa5 13. a3 Be6 14. Nd4 Nxd4
15. Bxd4 Rac8 16. Nc3 Rfd8 17. e3 Nd6 18. b4 Qxa3 19. Nxd5 Bxd5 20. Bxd5 Rxc1
21. Qxc1 Qxb4 22. Qa1 Nb5 23. Rb1 Qxb1+ 24. Qxb1 Rxd5 25. Qb3 Rf5 26. Bxa7 Nxa7
27. Qxb7 Bf8 28. Qxa7 h5 29. h4 g6 30. Kg2 1/2-1/2